[Event "AbuDhabiMaster"]
[Site "AbuDhabi"]
[Date "2005.??.??"]
[Round "9.24"]
[White "Al Tamimi, Hamad"]
[Black "Mahjoob, Morteza"]
[Result "1-0"]
[WhiteElo "2244"]
[BlackElo "2442"]
[PlyCount "116"]
[EventDate "2005.??.??"]
[WhiteTeamCountry "UAE"]
[BlackTeamCountry "RUS"]

1. e4 c5 2. Nf3 e6 3. c3 d5 4. exd5 exd5 5. d4 Nc6 6. Bb5 Bd6 7. dxc5 Bxc5 8.
O-O Nge7 9. Nbd2 O-O 10. Nb3 Bd6 11. Bd3 f6 12. h3 a6 13. Nbd4 Bc7 14. Qc2 g6
15. Bh6 Rf7 16. Nxc6 bxc6 17. Rfe1 Bf5 18. Rad1 Qd7 19. Bxf5 Nxf5 20. Be3 Nd6
21. Bf4 Nc4 22. Bxc7 Qxc7 23. b3 Ne5 24. Nd4 c5 25. Ne2 Rd8 26. Rd2 Rfd7 27.
Red1 a5 28. f4 Nc6 29. Qd3 a4 30. bxa4 Ne7 31. Qf3 Qa5 32. f5 g5 33. h4 h6 34.
Qh5 Kg7 35. Qg4 h5 36. Qf3 g4 37. Qf4 Kf7 38. Qh6 Qxa4 39. Nf4 Rh8 40. Qxh8
Qxf4 41. Rf2 Qe4 42. Qh7+ Ke8 43. Qxh5+ Kd8 44. Qh6 Kc7 45. Qxf6 g3 46. Rf3 Nc6
47. Qg5 Qc2 48. Qd2 Qa4 49. Qf4+ Qxf4 50. Rxf4 d4 51. f6 Rf7 52. cxd4 Nxd4 53.
Rdxd4 cxd4 54. Rxd4 Rxf6 55. Rg4 Rh6 56. Kf1 Rf6+ 57. Ke1 Re6+ 58. Kd2 Rg6 1-0

[Event "AbuDhabiMaster"]
[Site "AbuDhabi"]
[Date "2005.??.??"]
[Round "9.25"]
[White "Ghader Pour, Shayesteh"]
[Black "Boricsev, Oleg"]
[Result "1-0"]
[WhiteElo "2109"]
[BlackElo "2373"]
[PlyCount "75"]
[EventDate "2005.??.??"]
[WhiteTeamCountry "UAE"]
[BlackTeamCountry "RUS"]

1. e4 e6 2. d4 d5 3. Nd2 Nf6 4. e5 Nfd7 5. Bd3 c5 6. c3 Nc6 7. Ndf3 cxd4 8.
cxd4 f6 9. exf6 Nxf6 10. Ne2 Bd6 11. O-O O-O 12. Nc3 Bd7 13. Bc2 Qe8 14. Ng5 h6
15. Nh3 Rc8 16. Nf4 g5 17. Ng6 Rf7 18. f4 Nxd4 19. fxg5 Nxc2 20. gxf6 Nxa1 21.
Qg4 e5 22. Ne7+ Kh8 23. Ng6+ Kh7 24. Qh5 Bf8 25. Nxf8+ Qxf8 26. Bxh6 Bg4 27.
Qxg4 Qxh6 28. Rf3 Rc4 29. Qf5+ Kg8 30. Qxe5 Rg4 31. Nxd5 Qc1+ 32. Rf1 Qc5+ 33.
Kh1 Qc6 34. Qh5 Qc4 35. Ne3 Rf4 36. Qg5+ Kh8 37. Rxf4 Qc1+ 38. Nf1 1-0

[Event "AbuDhabiMaster"]
[Site "AbuDhabi"]
[Date "2005.??.??"]
[Round "9.28"]
[White "Paridar, Shadi"]
[Black "Illijin, Neboisa"]
[Result "0-1"]
[WhiteElo "2263"]
[BlackElo "2242"]
[PlyCount "76"]
[EventDate "2005.??.??"]
[WhiteTeamCountry "UAE"]
[BlackTeamCountry "RUS"]

1. e4 c5 2. c3 d5 3. exd5 Qxd5 4. d4 g6 5. Na3 cxd4 6. Nb5 Na6 7. Be3 Bg7 8.
Qa4 Bd7 9. O-O-O Rc8 10. Bxd4 Bxd4 11. Rxd4 Qe6 12. Nf3 Nf6 13. Bc4 Qb6 14. Ne5
O-O 15. Nxd7 Nxd7 16. Nd6 Rc7 17. Bxf7+ Kh8 18. Nc4 Qxd4 19. cxd4 Nb6 20. Qb5
Rxf7 21. b3 Rf5 22. Qe8+ Kg7 23. Re1 Nd5 24. Re5 Rf8 25. Qb5 Nf4 26. Kb1 Nxg2
27. Re6 Rxf2 28. Rxa6 Rf5 29. Ne5 bxa6 30. Qe2 Nf4 31. Qxa6 Nd5 32. Nd3 Rc3 33.
Kb2 Rg5 34. Ne1 Re3 35. Qf1 Rf5 36. Qh1 Nb4 37. Qb7 a5 38. a3 Rf2+ 0-1

[Event "AbuDhabiMaster"]
[Site "AbuDhabi"]
[Date "2005.??.??"]
[Round "9.30"]
[White "Marwan, Abdulwahab"]
[Black "Momeni, Ebrahim"]
[Result "1-0"]
[WhiteElo "1983"]
[BlackElo "2198"]
[PlyCount "91"]
[EventDate "2005.??.??"]
[WhiteTeamCountry "UAE"]
[BlackTeamCountry "RUS"]

1. e4 c5 2. c4 Nc6 3. Nc3 d6 4. g3 g6 5. Bg2 Bg7 6. Nge2 e6 7. d3 Nge7 8. Be3
Nd4 9. f4 O-O 10. O-O Rb8 11. Rb1 Nec6 12. Kh1 a6 13. a3 b5 14. cxb5 axb5 15.
b4 Nxe2 16. Nxe2 cxb4 17. axb4 Bd7 18. Qd2 f5 19. Rfc1 Ne7 20. Qa2 Ra8 21. Qb3
Qb8 22. Nd4 Bxd4 23. Bxd4 Ra4 24. e5 d5 25. Bc5 Nc6 26. Bd6 Qa8 27. Bxf8 Qxf8
28. Qc3 Nxb4 29. Qc7 Qe7 30. d4 Nd3 31. Rc6 Kf7 32. Rd6 Be8 33. Qc3 Nf2+ 34.
Kg1 Rc4 35. Qd2 Ne4 36. Bxe4 fxe4 37. f5 gxf5 38. Qh6 Rxd4 39. Qxh7+ Kf8 40.
Qh8+ Kf7 41. Rf1 e3 42. Rxf5+ exf5 43. Rh6 Rd1+ 44. Kg2 e2 45. e6+ Qxe6 46.
Qh7+ 1-0

[Event "AbuDhabiMaster"]
[Site "AbuDhabi"]
[Date "2005.??.??"]
[Round "9.31"]
[White "Mansour, Abbas Khoori"]
[Black "Ibrahim, Ismail"]
[Result "0-1"]
[WhiteElo "2018"]
[BlackElo "2082"]
[PlyCount "70"]
[EventDate "2005.??.??"]
[WhiteTeamCountry "UAE"]
[BlackTeamCountry "RUS"]

1. e4 c5 2. c4 Nc6 3. Nc3 g6 4. g3 Bg7 5. Bg2 Nf6 6. d3 O-O 7. f4 Ne8 8. Nf3
Nc7 9. Be3 Ne6 10. Rb1 d6 11. O-O Ned4 12. a3 Bg4 13. Ne2 b5 14. b4 cxb4 15.
axb4 Rb8 16. Qd2 Nxe2+ 17. Qxe2 bxc4 18. dxc4 Rxb4 19. Rxb4 Nxb4 20. Bxa7 Qa5
21. Bf2 Rc8 22. h3 Be6 23. Nd2 Qa2 24. Rc1 Bb2 25. Re1 Bc3 26. Be3 Bxc4 27.
Nxc4 Bxe1 28. Qxe1 Qxc4 29. Qd1 Qc3 30. Qd2 Qxd2 31. Bxd2 Nd3 32. Kf1 Rc2 33.
Ke2 Nc5 34. Ke3 Nb3 35. Bf3 Rxd2 0-1

[Event "AbuDhabiMaster"]
[Site "AbuDhabi"]
[Date "2005.??.??"]
[Round "9.33"]
[White "Ahmed, Ishaq"]
[Black "Salem, AR Saleh"]
[Result "1-0"]
[WhiteElo "2079"]
[BlackElo "2044"]
[PlyCount "45"]
[EventDate "2005.??.??"]
[WhiteTeamCountry "UAE"]
[BlackTeamCountry "RUS"]

1. e4 c6 2. d4 d5 3. exd5 cxd5 4. c4 Nf6 5. Nc3 e6 6. Nf3 Bb4 7. cxd5 Nxd5 8.
Bd2 Nc6 9. Bd3 Be7 10. a3 O-O 11. O-O Bf6 12. Be3 h6 13. Rc1 Nxc3 14. bxc3 Qd6
15. Qd2 Rd8 16. Bc2 Qxa3 17. Ra1 Qd6 18. Qd3 Bd7 19. Rfb1 b6 20. Qh7+ Kf8 21.
Bc1 b5 22. Ba3 b4 23. Rxb4 1-0